PANDUAN interpretasi keputusan inventori selepas tebangan
| Format: | Book |
|---|---|
| Published: |
Kuala Lumpur :
Ibu Pejabat Perhutanan ,
1987
|
| Subjects: |
MARC
| LEADER | 00000cam a2200000 7i4500 | ||
|---|---|---|---|
| 001 | 0000001764 | ||
| 005 | 20011116.0 | ||
| 090 | 0 | 0 | |a JPSM 634.9285 |b PAN 1987 |
| 245 | 0 | 0 | |a PANDUAN interpretasi keputusan inventori selepas tebangan |
| 260 | 0 | 0 | |a Kuala Lumpur : |b Ibu Pejabat Perhutanan , |c 1987 |
| 300 | |a 7 p., unnumbered ; |c 30 cm. | ||
| 650 | 0 | 0 | |a Forest management |
| 650 | 0 | 0 | |a Forests and forestry |x Mensuration |
| 998 | |a JPSM | ||
| 999 | |a 0000002799 |b Monograph |c Open Shelf |e Default branch | ||